000 00629nam a22001697a 4500
999 _c61409
_d61409
005 20240307122126.0
008 240307s2005 ru ||||| |||| 00| 0 rus d
020 _a5020338265
041 _arus
080 _a572.1/4 K-59
100 _aКозлова, М.С.
_921363
245 _aЭволюция человека :
_bПрошлое,настоящее,будущее /
_cМ.С. Козлова.
264 _aМосква :
_bНаука,
_c2005.
300 _a110 c.
_b22 cm.
653 _aადამიანის ევოლუცია წარსული, აწმყო, მომავალი.
942 _2udc
_cBK